Birth State of U.S. Vice Presidents - Statistics

General Stats
  • This quiz has been taken 22 times
  • The average score is 25 of 50
Answer Stats
Hint Answer % Correct
John Adams Massachusetts
95%
Thomas Jefferson Virginia
95%
Richard Nixon California
84%
Kamala Harris California
84%
J.D Vance Ohio
84%
Joseph R. Biden Pennsylvania
84%
Micheal "Mike" Pence Indiana
79%
Lyndon B. Johnson Texas
79%
Walter Mondale Minnesota
74%
Martin Van Buren New York
74%
John Tyler Virginia
74%
Thedore Roosevelt New York
68%
George H.W. Bush Massachusetts
63%
Harry S. Truman Missouri
63%
Andrew Johnson North Carolina
63%
George Clinton New York
58%
Daniel D. Tompkins New York
58%
Millard Fillmore New York
58%
Dan Quayle Indiana
53%
Gerald Ford Nebraska
53%
Aaron Burr New Jersey
53%
Calvin Collidge Vermont
53%
Spiro Agnew Maryland
47%
Elbridge Gerry Massachusetts
47%
Richard "Dick" Cheney Nebraska
47%
James S. Sherman New York
42%
John C. Calhoun South Carolina
42%
Chester A. Arthur Vermont
42%
Al Gore District of Columbia
37%
John C. Breckinridge Kentucky
37%
Schuyler Colfax New York
37%
William A. Wheeler New York
37%
Thomas A. Hendricks Ohio
37%
Charles Fairbank Ohio
37%
Charles G. Dawes Ohio
37%
John Nance Garner Texas
37%
Henry A. Wallace Iowa
32%
Hannibal Hamlin Maine
32%
Nelson Rockefeller Maine
32%
William R. King North Carolina
32%
George M. Dallas Pennsylvania
32%
Thomas R. Marshall Indiana
26%
Alben W. Barkley Kentucky
26%
Garret Hobart New Jersey
26%
Hubert Humphrey South Dakota
26%
Charles Curtis Kansas
21%
Richard Mentor Johnson Kentucky
21%
Adlai Stevenson I Kentucky
21%
Henry Wilson New Hampshire
16%
Levi P. Morton Vermont
16%
No matching quizzes found
Score Distribution
Percent of People with Each Score
Percentile by Number Answered
Your Score History
You have not taken this quiz